Musical Acts by Logo #1 - Statistics

General Stats
  • This quiz has been taken 12 times
  • The average score is 5 of 16
Answer Stats
Picture Answer % Correct
The Rolling Stones
100%
Nirvana
75%
Ramones
50%
Queen
42%
blink-182
25%
Michael jackson
25%
Radiohead
25%
Weezer
25%
Wu-Tang Clan
25%
Aphex Twin
17%
Billie Eilish
17%
Rammstein
17%
Bad Bunny
8%
Elton John
8%
Panic! At The Disco
8%
Twenty One Pilots
8%
No matching quizzes found
Score Distribution
Percent of People with Each Score
Percentile by Number Answered
Your Score History
You have not taken this quiz